000
00320nam a22001457a 4500
008
210505b ||||| |||| 00| 0 eng d
020
_a
9789951002547
041
_a
eng
080
_a
721
082
_a
721
100
_a
41
101
_a
NDE
245
_a
Rezistenca e Materialeve
_c
Fetah S. Jagxhiu
942
_2
udc
_c
BK
999
_c
57077
_d
57077